000 00452nam a2200181Ia 4500
005 20250423100919.0
008 250422s9999 xx 000 0 und d
020 _a15856103211
050 _aPE 1111 .S58/
100 _aShurley, Brenda
245 0 _aShurley English
260 _aUSA
260 _bShurley Instructional Materials, Inc., Cabot, Arkansas
260 _c2001
300 _a458 p
650 _aCompound Direct Object
942 _cBK
999 _c34725
_d34725